000
00217 a2200097 4500
001
7845
100
_a
Carl, L
245
_a
Tefedesf : Journey to the heart of the Sahara
260
_a
_b
Allen
_c
090
_c
6294
_d
6294
942
_a
NUST-CAE
_c
M
_c
32816
999
_c
242918
_d
242918